The blood and the shroud the passionate controversy still enflaming the world's most famous carbon-dating test
Saved in:
| Main Author: | |
|---|---|
| Format: | Book |
| Language: | English |
| Published: |
London
Orion
1999
|
| Subjects: | |
| Tags: |
Add Tag
No Tags, Be the first to tag this record!
|
| Call Number : | BT 587.S4 |
MARC
| LEADER | 00000pam a2200000 c 4500 | ||
|---|---|---|---|
| 001 | 8227 | ||
| 003 | MY-KLNDU | ||
| 005 | 20241218052634.0 | ||
| 008 | 19991998xxka f b 0 1 0 eng d | ||
| 020 | |a 0752826166 (pbk) | ||
| 035 | |a 0000010522 | ||
| 039 | 9 | |a 202404050947 |b rafizah |c 202404050933 |d rafizah |y 200910081458 |z VLOAD | |
| 040 | |a MY-KlNDU |b eng |c MY-KlNDU |e rda | ||
| 050 | |a BT 587.S4 | ||
| 090 | |a BT 587.S4 |b W55 1999 | ||
| 100 | 1 | |a Wilson, Ian |e author | |
| 245 | 1 | 4 | |a The blood and the shroud |b the passionate controversy still enflaming the world's most famous carbon-dating test |c Ian Wilson |
| 264 | 1 | |a London |b Orion |c 1999 | |
| 264 | 4 | |c © 1998 | |
| 300 | |a xix, 410 pages |b illustrations |c 18cm | ||
| 336 | |a text |2 rdacontent | ||
| 337 | |a unmediated |2 rdamedia | ||
| 338 | |a volume |2 rdacarrier | ||
| 504 | |a Includes bibliographical references and index | ||
| 650 | 0 | |a Holy Shroud | |
| 999 | |a vtls000008511 |c 8227 |d 8227 | ||


